| 000 | 00451nam a2200169Ia 4500 | ||
|---|---|---|---|
| 008 | 230917s9999||||xx |||||||||||||| ||und|| | ||
| 020 | _cRS395 | ||
| 040 |
_e241006 _aMAIN |
||
| 041 | _aEnglish | ||
| 082 | _a338.4791 R511M | ||
| 100 | _aRitchie, Brent W | ||
| 245 | 0 | _aManaging educational tourism | |
| 260 |
_aNew Delhi _bViva Books _c2010 |
||
| 300 | _axviii, 283 p. | ||
| 500 | _a2765 30/06/2017 HBD17/7028 30/06/2017 Main Budget | ||
| 942 | _cBK | ||
| 999 |
_c23089 _d23089 |
||